000 00706nam a2200241Ia 4500
003 OSt
005 20220924124120.0
006 a|||||r|||| 00| 0
007 ta
008 220923b |||||||| |||| 00| 0 tam d
024 _a45518
037 _cTextual
040 _aARTS
_cARTS
_btam
041 _2tam
_atam
082 _aO31,1M82:g, 111L5
100 _aBharati Subramania Vijaya
_9194831
245 0 _aSubramania Bharati
_b Personality and poetry
260 _aNew Delhi
_b Munshiram Manoharlal
_c1975
300 _aviii, 183p.
_ccm.
650 _aTAMIL LITERATURE
942 _hO31,1M82:g, 111L5
_cTEXL
_2CC
999 _c418453
_d418453